00492nam a2200157Ia 4500008004100000020001800041082001900059100001900078245011500097250000700212260003800219300001800257500001900275600002000294650002000314240925s9999 xx 000 0 und d a9781785033841 a332.042092 PER aPerkings, John 4aThe new confessions of an economic hitman: the shocking inside story of how America really took over the World aNA aUnited States:bEbury Pressc2016 a362p.bNAfNA aIncludes Index aSocial Sciences aSocial Sciences